000
00339nam a22001577a 4500
003
SGT
020
_a
9781119169956
082
_a
618.92,BEA
100
_a
BEARCHAINE T.P.
245
_a
CHILD AND ADOLESCENT PSYCHOPATHOLOGY
250
_a
3RD
260
_a
CANDA
_b
WILEY
_c
2017
300
_a
889
650
_a
PSYCHOLOGY
942
_2
ddc
_c
BK
999
_c
26678
_d
26678